000
00268nam a2200121 a 4500
001
4143
005
20140414131903.0
008
090223s19uu xx 00 eng d
050
_a
FIC
_b
El4 1981
100
_a
Eliot, George
245
_a
Silas Marner.
999
_c
110755
_d
110755